000 00459nam a2200181Ia 4500
001 15989
005 20260306170236.0
008 260306t2021||||xx |||||||||||||| ||und||
041 _aESP
082 _a346.52
_bCH557
100 _aChironi, Gian Pietro,
_eAUT
245 0 _aLa culpa en el derecho civil moderno :
_bculpa contractual
260 _c2021
300 _a574 páginas :
_c23 cm.
650 _aGEN
654 _aCDE
942 _cLIB
_dJUS
_fJUS
_2ddc
_n
999 _c15989
_d15989